01122nam a2200253 a 4500001001000000005001700010008004100027041000800068044000700076084002100083100004500104245009500149260003900244300001900283500016800302500009800470500005400568500001000622650005200632650005600684650003400740650004500774740004900819BRCA_260020190320203902.0281108s1879----sp-#---###---#000-0#spa-u aspa asp a181b.A483c18791 aCervantes Saavedra, Miguel ded1547-161610aEl Ingenioso Hidalgo Don Quijote de la Manchaccompuesto por Miguel de Cervantes Saavedra. aSevillabFrancisco Álvarezc1879 a732 p.c16 cm. aContenido : Primera parte. Dedicatoria del autor. Prólogo del autor. Versos preliminares. Texto. Segunda parte. Dedicatoria del autor. Prólogo del autor. Texto aEdición de surtido, impresa con tipos pequeños, pero legibles. Rústica Lúdovik Osterc aEstado físico : Recuperación física en 2008 aQM17314aNovela españolayÉpoca clásica, 1500-170014aLiteratura españolayÉpoca clásica, 1500-170014aNovela españolaySiglo XVII14aDon Quijote (Personaje ficticio)eNovela0 aEl Inenioso Hidalgo Don Quijote de la Mancha